000
00293nam a2200121 a 4500
008
101213s1960|||| d
100
1
_a
Chopin, Frederyk
245
1
0
_a
Listy
_b
Výber z korešpondencie
260
_b
SVKL
_a
Bratislava
_c
1960
020
_c
21,70
044
_a
xo
_c
SK
041
_a
slo
999
_c
15213
_d
15213